| 000 | 00445nam a2200193Ia 4500 | ||
|---|---|---|---|
| 008 | 170918s9999 xx 000 0 und d | ||
| 020 | _a9780545001861 | ||
| 050 | _bB367 2004 | ||
| 100 | _aBean, Clarice | ||
| 245 | _aSpells trouble / | ||
| 245 | _cClarice Bean. | ||
| 260 | _aNew York : | ||
| 260 | _bScholastic, | ||
| 260 | _c2004 | ||
| 300 | _a189 pages : | ||
| 300 | _bcolored illustration ; | ||
| 300 | _c19cm. | ||
| 500 | _a1040 | ||
| 999 |
_c342362 _d342362 |
||